Vòng quanh thế giới kỳ lạ /
Sách giới thiệu với bạn đọc những kiến thức phong phú kỳ lạ của thế giới xung quanh chúng ta.
Zapisane w:
| 1. autor: | |
|---|---|
| Kolejni autorzy: | , |
| Format: | Książka |
| Język: | Vietnamese Chinese |
| Wydane: |
Tp.HCM :
Thanh niên,
2000.
|
| Hasła przedmiotowe: | |
| Etykiety: |
Dodaj etykietę
Nie ma etykietki, Dołącz pierwszą etykiete!
|
| Thư viện lưu trữ: | Mạng thư viện Đại học Đà Nẵng |
|---|
| LEADER | 01071cam a2200361 i 4500 | ||
|---|---|---|---|
| 001 | 000046673 | ||
| 003 | 6175 | ||
| 005 | 20030917134049.0 | ||
| 008 | 010307b2000 vm 000 vie | ||
| 020 | |c 33500 | ||
| 040 | |a IRC |c IRC |d IRC | ||
| 041 | 1 | |a vie |h chi | |
| 082 | 1 | 4 | |a 001 |b DI-Q |
| 100 | 1 | |a Diêu Đại Quân. | |
| 245 | 0 | 0 | |a Vòng quanh thế giới kỳ lạ / |c Diêu Đại Quân, Hạ Vũ ; Đoàn Mạnh Thế dịch. |
| 260 | |a Tp.HCM : |b Thanh niên, |c 2000. | ||
| 300 | |a 347tr. ; |c 19cm. | ||
| 520 | 3 | |a Sách giới thiệu với bạn đọc những kiến thức phong phú kỳ lạ của thế giới xung quanh chúng ta. | |
| 630 | 0 | 4 | |a Kiến thức. |
| 630 | 0 | 4 | |a Thế giới kỳ lạ. |
| 650 | 0 | 4 | |a Kiến thức phổ thông. |
| 700 | 1 | |a Hạ Vũ. | |
| 700 | 1 | |a Đoàn Mạnh Thế, |e dịch. | |
| OWN | |a DUT | ||
| 999 | |a From the UDN01 | ||
| TYP | |a Monograph | ||
| TYP | |a Printed language | ||
| 980 | |a Mạng thư viện Đại học Đà Nẵng | ||